Dirigeants de l'Union Soviétique (URSS) - Statistiques

Statistiques générales
  • Ce quiz a été pris 22 058 fois
  • Le résultat moyen est 4 sur 7
Statistiques - réponses
Dates Dirigeant % Correct
1924-1953 Joseph Staline
99%
1917-1924 Vladimir Lénine
96%
1985-1991 Mikhaïl Gorbatchev
81%
1953-1964 Nikita Khrouchtchev
46%
1964-1982 Leonid Brejnev
36%
1982-1984 Iouri Andropov
21%
1984-1985 Konstantin Tchernenko
12%
Aucun quiz correspondant
Distribution des résultats
% des personnes avec chaque résultat
Percentile par nombre de réponses
Votre historique - résultats
Vous n’avez pas pris ce quiz